000 00869nam a2200289 a 4500
003 AR-BaBNM
005 20251128203316.0
008 082120s2002 ||||||||||||||000 | spa||
020 _a84-7100-584-0
040 _cAR-BaBNM
100 1 _aUsunáriz Garayoa, Jesús Maria
245 0 0 _aUna visión de la América del XVIII
_bcorrespondencia de emgrantes guipuzcoanos y navarros
250 _a1ª ed.
260 _aMadrid
_bMapfre
_c1992
300 _a487 p.
_btablas
490 0 _aRelaciones entre España y América
_vv. 21
504 _aContiene bibliografía para consultar p. 483-487
650 4 _aHISTORIA SOCIAL
650 4 _aHISTORIA POLITICA
650 4 _aHISTORIA DE LAS COSTUMBRES
650 4 _aEMIGRACION
651 4 _aEspaña
651 4 _aAmérica Latina
800 1 _aGallego, José Andrés
_ecoordinador
942 _cBK
998 _cmariana
999 _c2821
_d2821